00763nam a22002057a 450000500170000001000150001702000260003203500140005803700150007208200140008710000230010124500690012426000450019327000670023830000300030550000480033594200280038399900190041195201270043020180730143134.0 aENG-123620 c875.00a9780199092024 aEN-107152 bDBAD/PUB.  a320.95451 aKhantikar, Santana aState, violence, and legitimacy in india /cby Santana Khantikar aNew DelhibOxford University Pressc2018 a2/11, Ground Floor, Ansari Road, Daryaganj,bNew Delhie110002 axiv,269p.c22cm(Hb)bill. aIts includes glossary, references and index 2ddccENh320.95451mKHA c155134d155134 001040718NFICaDBADbZLSd2018-07-30eDBAD/PUBg875.00l0o320.95451 KHApEN-107152r2018-07-30 00:00:00t1v875.00yEN